Maroon - Taylor Swift (All Lyrics) - Statistics

General Stats
  • This quiz has been taken 258 times
  • The average score is 327 of 353
Answer Stats
Lyrics % Correct
I
100%
my
100%
the
100%
The
100%
a
99%
in
99%
In
99%
it
99%
(It
99%
It
99%
maroon
99%
(Maroon)
99%
maroon)
99%
on
99%
was
99%
When
99%
you
99%
You
99%
you,
99%
your
99%
"Your
99%
And
98%
and
98%
me
98%
We
98%
we
98%
no
97%
to
97%
with
97%
how"
96%
how
96%
How
96%
scarlet,
96%
So
96%
that
96%
that's
96%
That's
96%
lips
95%
lost
95%
of
95%
up
95%
were
95%
call
94%
t-shirt
94%
us
94%
wine
94%
came
93%
dancing
93%
home
93%
New
93%
one
93%
shoes
93%
used
93%
York,
93%
again
92%
again?
92%
end
92%
floor,
92%
into
92%
rosé,
92%
blood
91%
cheeks
91%
Like
91%
say
91%
splashed
91%
at
90%
between
90%
closest
90%
friend
90%
fucking
90%
morning
90%
real
90%
sky
90%
time
90%
burgundy
89%
cheap
89%
legacy,
89%
legacy
89%
rushed
89%
anyway?"
88%
grew
88%
"How'd
88%
lap
88%
roommate's
88%
rust
88%
telephones
88%
track
88%
collarbone
87%
feet
87%
ass
86%
Looked
86%
off
86%
'Cause
85%
day
85%
Laughing
85%
now
85%
see
85%
did
84%
every
84%
mark
84%
memory
84%
over
84%
saw
84%
hell
83%
cleaning
82%
hands
82%
lose
82%
shelf
81%
vinyl
81%
screw
80%
always
79%
chose
79%
had
79%
leave
79%
top
79%
hallway
78%
head
77%
roses,
77%
sight
77%
way
77%
ends?
76%
they
76%
thought
76%
shit
75%
gave
74%
incense
74%
wake
74%
Ain't
73%
Carnations
72%
standing
72%
what
71%
hazy
68%
hollow
67%
eyed
66%
rubies
65%
blind
63%
matter
62%
shaking,
61%
feel
59%
silence
57%
Sobbing
56%
No matching quizzes found
Score Distribution
Percent of People with Each Score
Percentile by Number Answered
Your Score History
You have not taken this quiz